000 00659nam a2200241 a 4500
999 _c10297
_d10297
001 10297
003 BD-JhCC
005 20180521105213.0
008 180423s1968 enk 000 1 eng d
035 _a(BD-JhCC)10297
040 _aNUN
_cNUN
_dNSL:R
041 _aeng
082 0 4 _a883
_bMIL 1968
100 0 _aMilch, Robert J.
245 1 4 _aThe Odyssey Notes /
_cby Robert J. Milch
260 _aLondon :
_bColes Publishing Company Limited,
_c1968.
300 _a71 P. :
_c21 cm.
650 _aEnglish prose
700 1 _aLang, Andrew,
_d1844-1912.
700 1 _aButcher, S. H.
_q(Samuel Henry),
_d1850-1910.
942 _2ddc
_cBK